000 01045nam a2200289 i 4500
001 000045364
003 DO-SdBNP
005 20250424092829.0
007 ta
008 150305s2014 dr ac 000 0 spa d
020 _a9789945586176
040 _aDO-SdBNP
_bspa
_cBNPHU
_erda
082 4 _axxx
_bxxx
_222
100 1 _aCipriano,
_d1886-1958
_c de Utrera, fray,
_eautor
_4aut.
_950420
245 1 3 _aLa familia de Máximo Gómez /
_cFray Cipriano de Utrera ; presentación, Emilio Cordero Michel.
264 1 _aSanto Domingo :
_bArchivo General de la Nación,
_c2014.
300 _axi, 161 páginas :
_bilustraciones ;
_c22 cm.
336 _atexto
_btxt
_2rdacontent
337 _asin mediación
_bn
_2rdamedia
338 _avolumen
_bnc
_2rdacarrier
490 _aArchivo General de la Nación
_v219
500 _aIncluye datos biográficos del autor en las solapas
504 _aBibliografía : páginas 119-145
590 _aInventariado, 2024/BT
700 1 _aCordero Michel, Emilio,
_d1929-2018
_epresentación
_944029
942 _2ddc
_cLBS1
999 _c44853
_d44853